Aircraft Propulsion, 1e (Record no. 293100)
[ view plain ]
| 000 -LEADER | |
|---|---|
| fixed length control field | 00289 a2200121 4500 |
| 001 - CONTROL NUMBER | |
| control field | 58027 |
| 082 ## - DEWEY DECIMAL CLASSIFICATION NUMBER | |
| Classification number | 629.13435 SAE |
| 090 ## - LOCALLY ASSIGNED LC-TYPE CALL NUMBER (OCLC); LOCAL CALL NUMBER (RLIN) | |
| -- | 35534 |
| -- | 35534 |
| 100 ## - MAIN ENTRY--PERSONAL NAME | |
| Personal name | Saeed Farokhi |
| 245 ## - TITLE STATEMENT | |
| Title | Aircraft Propulsion, 1e |
| 260 ## - PUBLICATION, DISTRIBUTION, ETC. | |
| Place of publication, distribution, etc. | USA |
| Name of publisher, distributor, etc. | John Wiley And Sons |
| Date of publication, distribution, etc. | 2009 |
| 300 ## - PHYSICAL DESCRIPTION | |
| Extent | xxvi, 786 p. |
| 942 ## - ADDED ENTRY ELEMENTS (KOHA) | |
| Institution code [OBSOLETE] | NUST-CAE |
| Call number prefix | 629.13435 SAE |
| Withdrawn status | Lost status | Damaged status | Not for loan | Collection code | Permanent Location | Current Location | Date acquired | Total Checkouts | Full call number | Barcode | Date last seen | Price effective from | Koha item type |
|---|---|---|---|---|---|---|---|---|---|---|---|---|---|
| College of Aeronautical Engineering (CAE) | College of Aeronautical Engineering (CAE) | 04/03/2017 | 629.13435 SAE | CAE80416 | 04/05/2017 | 04/05/2017 | Book |
